| 000 | 00760nam a2200289 a 4500 | ||
|---|---|---|---|
| 001 | 31380 | ||
| 003 | AR-BaAGN | ||
| 005 | 20231116150031.0 | ||
| 007 | ta | ||
| 008 | 220625s1992 sp |||||r|||| ||||||spa d | ||
| 020 | _a84-7100-381-3 | ||
| 040 |
_dAR-BaAGN _aAR-BaAGN _bspa _eaacr |
||
| 100 | 1 | _aMörner, Magnus | |
| 245 | 1 | 0 |
_aAventureros y proletarios : _blos emigrantes en hispanoamérica |
| 250 | _a1ª ed. | ||
| 260 |
_aMadrid : _bFundación MAPFRE, _c1992. |
||
| 300 | _a220 páginas | ||
| 336 |
_2rdacontent _btxt |
||
| 337 |
_2rdamedia _bn |
||
| 338 |
_2rdacarrier _bnc |
||
| 490 | 0 |
_aColección América ; _v92 |
|
| 650 | 4 |
_aEMIGRACIÓN _91664 |
|
| 651 | 4 |
_aAmérica Latina _93630 |
|
| 942 | _cLIBRO | ||
| 999 |
_c31380 _d31380 |
||